Review of regional transport strategies in the UK (Record no. 109607)
[ view plain ]
| 000 -LEADER | |
|---|---|
| fixed length control field | 01886cad a22002415a 4500 |
| 001 - CONTROL NUMBER | |
| control field | E147543 |
| 008 - FIXED-LENGTH DATA ELEMENTS--GENERAL INFORMATION | |
| fixed length control field | 090521s2006 xxk f s000 0 eng d |
| 020 ## - INTERNATIONAL STANDARD BOOK NUMBER | |
| International Standard Book Number | 0755929373 |
| 022 1# - INTERNATIONAL STANDARD SERIAL NUMBER | |
| International Standard Serial Number | 0950-2254 |
| 035 ## - SYSTEM CONTROL NUMBER | |
| System control number | (Sirsi) u147543 |
| 041 0# - LANGUAGE CODE | |
| Language code of text/sound track or separate title | eng |
| 050 04 - LIBRARY OF CONGRESS CALL NUMBER | |
| Classification number | 711.7 $2 18 |
| 110 2# - MAIN ENTRY--CORPORATE NAME | |
| Corporate name or jurisdiction name as entry element | Atkins |
| 9 (RLIN) | 5263 |
| 245 00 - TITLE STATEMENT | |
| Title | Review of regional transport strategies in the UK |
| Medium | [electronic resource] |
| 260 ## - PUBLICATION, DISTRIBUTION, ETC. | |
| Place of publication, distribution, etc. | [Edinburgh] |
| Name of publisher, distributor, etc. | Scottish Executive Social Research |
| Date of publication, distribution, etc. | 2006 |
| 505 2# - FORMATTED CONTENTS NOTE | |
| Formatted contents note | Introduction: background; study brief; review methodology; report structure -- How regional transport is administered: overview of government structures and responsibilities; existing situation in Scotland; current proposals for Scotland; situation in England; situation in Wales -- Review of Scottish regional transport strategies: overview of strategies; background information, the role and purpose of the RTS; detailed assessment of the content of the RTSs; assessment of the process undertaken to develop and produce the RTSs; summary -- Review of English Regional Transport Strategies: selection of strategies to be reviewed: overview of strategies; background information, the role and purpose of the RTS; detailed assessment of the content of the RTSs -- Conclusions and recommendations: recommendations on format and approach; specific guidance recommendations; good practice advice for RTPs |
| 520 ## - SUMMARY, ETC. | |
| Summary, etc. | Discusses the results of research aimed at identifying good practice in Regional Transport Strategies across the UK, and looking at ways in which Scotland can learn from such good practice and use it to inform its own policies. |
| 521 ## - TARGET AUDIENCE NOTE | |
| Target audience note | Advanced |
| 651 #4 - SUBJECT ADDED ENTRY--GEOGRAPHIC NAME | |
| Geographic name | Scotland |
| Chronological subdivision | 1999- |
| 690 ## - LOCAL SUBJECT ADDED ENTRY--TOPICAL TERM (OCLC, RLIN) | |
| Topical term or geographic name as entry element | PROPERTY-INFRASTRUCTURE-TRANSPORT INFRASTRUCTURE |
| 856 40 - ELECTRONIC LOCATION AND ACCESS | |
| Uniform Resource Identifier | <a href="https://www.scotland.gov.uk/Publications/2006/02/07141750/0">https://www.scotland.gov.uk/Publications/2006/02/07141750/0</a> |
| Public note | View the report free of charge at www.scotland.gov.uk... |
| 942 ## - ADDED ENTRY ELEMENTS (KOHA) | |
| Suppress in OPAC | 0 |
| Withdrawn status | Lost status | Source of classification or shelving scheme | Damaged status | Not for loan | Home library | Current library | Shelving location | Date acquired | Total Checkouts | Full call number | Barcode | Date last seen | Copy number | Price effective from | Koha item type |
|---|---|---|---|---|---|---|---|---|---|---|---|---|---|---|---|
| Dewey Decimal Classification | Virtual | Virtual | Online | 21/05/2009 | ONLINE PUBLICATION | 147543-2001 | 06/08/2019 | 1 | 06/08/2019 | Book |